Verojatnostnyje metody v fizičeskich issledovanijach
Uložené v:
| Hlavní autori: | , , |
|---|---|
| Médium: | Kniha |
| Jazyk: | Russian |
| Vydavateľské údaje: |
Moskva :
Nauka,
1985
|
| Tagy: |
Žiadne tagy, Buďte prvý, kto otaguje tento záznam!
|
MARC
| LEADER | 00000nam a22000003a 4500 | ||
|---|---|---|---|
| 001 | stu86226 | ||
| 005 | 20150617225633.0 | ||
| 008 | 040426s1985------------------------rus-d | ||
| 040 | |a STU |b slo | ||
| 041 | 0 | |a rus | |
| 080 | |a 519.2 | ||
| 100 | 1 | |a Batutin, V.A. |4 aut | |
| 245 | 1 | |a Verojatnostnyje metody v fizičeskich issledovanijach | |
| 260 | |a Moskva : |b Nauka, |c 1985 | ||
| 300 | |a 207 s | ||
| 700 | 1 | |a Televinova, T.M. |4 aut | |
| 700 | 1 | |a Čistjakova, V.P. |4 aut | |
| 996 | |b E58361 |c E*58361 |l EE03 |s P |a 0 |w stu86226_0001 | ||
| 996 | |b E58675 |c E*58675 |l EE03 |s P |a 0 |w stu86226_0002 | ||
| 996 | |b E58673 |c E*58673 |l EE03 |s P |a 0 |w stu86226_0003 | ||
| 996 | |b E58144 |c E*58144 |l EE03 |s P |a 0 |w stu86226_0004 | ||